000 00649nam a22002297a 4500
003 dpl
005 20180908121408.0
008 180908b xxu||||| |||| 00| 0 eng d
010 _aB-159621
020 _a8186772154
035 _aB-159621
040 _aDPL
_bEN
_c0
082 _a303.44
_bKEY
245 _aKeys to the 21st century /
_ced.by jerome binde
250 _a2004
260 _aNew Delhi
_bNew academic publishers
270 _a3721/3, Nejaji Subhash Marg, Darya ganj
_bNew Delhi
_e110092
300 _a395p.:
_c22cm
500 _aInclude Biblography
700 _aBinde,Jerome
942 _2ddc
_cEN
_h303.44
_mKEY
999 _c157191
_d157191